000 01160nam a22002537a 4500
005 20170123164155.0
010 _aA-869489
020 _a8172050674
_c45.00
035 _aA-869489
037 _aCen Lib / Ret
040 _aDPL
_bPN
082 _a260.2
_bਜੋਗਿੰਦ
100 _aਜੋਗਿੰਦਰ ਸਿੰਘ ਤਲਵਾੜਾ
_943519
245 _aਸ੍ਰੀ ਗੁਰੂ ਗਰੰਥ ਸਾਹਿਬ ਬੋਧ
_bਭਾਗ 2 : ਗੁਰਬਾਣੀ ਉਚਾਰਨ
_c ਜੋਗਿੰਦਰ ਸਿੰਘ ਤਲਵਾੜਾ
246 _aSri guru granth sahib bodh : part 2 : Grubani ucharan : in introduction to the pronunciation of the sikh scripture
_bby Joginder Singh Talwara
260 _aਅੰਮ੍ਰਿਤਸਰ
_bਸਿੰਘ ਬ੍ਰਦਰਜ਼
_c1996
270 _aਕੀਤੀ ਕੰਟਰ
_bਅੰਮ੍ਰਿਤਸਰ
300 _a102p.
_b23cm(Hb)
650 _aਪੰਜਾਬੀ ਸਾਹਿਤ
_9130943
650 _aਪੰਜਾਬੀ -- ਧਰਮ
_91301
650 _aPunjabi literature
_9781
650 _aPunjabi -- religions
_9130944
942 _2ddc
_cPN
_h260
_mਜੋਗਿੰਦ
999 _c110678
_d110678